| 000 | 00460nam a2200145Ia 4500 | ||
|---|---|---|---|
| 008 | 151213s9999 xx 000 0 und d | ||
| 100 | _aEd. By Brown and Martin Light | ||
| 245 |
_aCritical Approach to American Literature _cEd. By Brown and Martin Light |
||
| 260 |
_aNew York _bThomas Y. Crowell Company _c1965 |
||
| 300 | _a5179 p. | ||
| 650 | _aEnglish Literature | ||
| 650 | _aEnglish Literature | ||
| 700 | _aEd. By Brown and Martin Light | ||
| 999 |
_c3198 _d3198 |
||